000357741 001__ 357741
000357741 005__ 20250227110406.0
000357741 0247_ $$2doi$$a10.18429/JACOW-IPAC2021-MOPAB279
000357741 0247_ $$2datacite_doi$$a10.15120/GSI-2025-00433
000357741 037__ $$aGSI-2025-00433
000357741 041__ $$aEnglish
000357741 1001_ $$0P:(DE-HGF)0$$aSalehilashkajani, Amir$$b0$$eCorresponding author
000357741 1112_ $$a12th International Particle Accelerator Conference$$cCampinas, SP$$d2021-05-24 - 2021-05-28$$gIPAC2021$$wBrazil
000357741 245__ $$aNon-Invasive Beam Profile Monitoring for the HL-LHC Hollow Electron Lens
000357741 260__ $$aGeneva, Switzerland$$bJACoW Publishin$$c2021
000357741 29510 $$aProceedings of the 12th International Particle Accelerator Conference, IPAC2021, Campinas, SP, Brazil
000357741 300__ $$a4 pages
000357741 3367_ $$2ORCID$$aCONFERENCE_PAPER
000357741 3367_ $$033$$2EndNote$$aConference Paper
000357741 3367_ $$2BibTeX$$aINPROCEEDINGS
000357741 3367_ $$2DRIVER$$aconferenceObject
000357741 3367_ $$2DataCite$$aOutput Types/Conference Paper
000357741 3367_ $$0PUB:(DE-HGF)8$$2PUB:(DE-HGF)$$aContribution to a conference proceedings$$bcontrib$$mcontrib$$s1739807997_1835921
000357741 3367_ $$0PUB:(DE-HGF)7$$2PUB:(DE-HGF)$$aContribution to a book$$mcontb
000357741 500__ $$aPublished by JACoW Publishing under the terms of the Creative Commons Attribution 3.0 International license.
000357741 520__ $$aA Hollow Electron Lens (HEL) is currently under development for the High-Luminosity upgrade of the Large Hadron Collider (HL-LHC). In this device, a hollow electron beam co-propagates with a central proton beam and provides active halo control in the LHC. To ensure the concentricity of the two beams, a non-invasive diagnostic instrument is currently being commissioned. This instrument is a compact version of an existing prototype that leverages beam induced fluorescence with supersonic gas curtain technology. This contribution includes the design features of this version of the monitor, recent progress, and future plans for tests at the Cockcroft Institute and the electron lens test stand at CERN.
000357741 536__ $$0G:(DE-HGF)POF4-621$$a621 - Accelerator Research and Development (POF4-621)$$cPOF4-621$$fPOF IV$$x0
000357741 588__ $$aDataset connected to DataCite
000357741 650_7 $$2Other$$aAccelerator Physics
000357741 650_7 $$2Other$$aMC6: Beam Instrumentation, Controls, Feedback and Operational Aspects
000357741 693__ $$0EXP:(DE-Ds200)no_experiment-20200803$$1EXP:(DE-Ds200)theory-20200803$$5EXP:(DE-Ds200)no_experiment-20200803$$atheory$$eno experiment theory work (theory)$$x0
000357741 7001_ $$aAdy, Marton$$b1
000357741 7001_ $$aChritin, Nicolas$$b2
000357741 7001_ $$0P:(DE-Ds200)OR0310$$aForck, Peter$$b3$$ugsi
000357741 7001_ $$aJens, Noah$$b4
000357741 7001_ $$aJones, Owain Rhodri$$b5
000357741 7001_ $$aKersevan, Roberto$$b6
000357741 7001_ $$aKumar, Narender$$b7
000357741 7001_ $$aLefèvre, Thibaut$$b8
000357741 7001_ $$aMazzoni, Stefano$$b9
000357741 7001_ $$aPapazoglou, Giannis$$b10
000357741 7001_ $$aRossi, Adriana$$b11
000357741 7001_ $$aSchneider, Gerhard$$b12
000357741 7001_ $$aSedláček, Ondrej$$b13
000357741 7001_ $$0P:(DE-Ds200)OR1313$$aUdrea, Serban$$b14$$ugsi
000357741 7001_ $$aVeness, Raymond$$b15
000357741 7001_ $$aWelsch, Carsten$$b16
000357741 7001_ $$aZhang, Hao$$b17
000357741 7001_ $$aLin, Liu$$b18$$eEditor
000357741 7001_ $$00000-0002-6480-9437$$aByrd, John M.$$b19$$eEditor
000357741 7001_ $$00000-0003-3137-071X$$aNeuenschwander, Regis$$b20$$eEditor
000357741 7001_ $$00000-0001-8306-3098$$aPicoreti, Renan$$b21$$eEditor
000357741 7001_ $$aSchaa, Volker R. W.$$b22$$eEditor
000357741 773__ $$a10.18429/JACOW-IPAC2021-MOPAB279
000357741 8564_ $$uhttps://repository.gsi.de/record/357741/files/mopab279.pdf$$yOpenAccess
000357741 8564_ $$uhttps://repository.gsi.de/record/357741/files/mopab279.pdf?subformat=pdfa$$xpdfa$$yOpenAccess
000357741 909CO $$ooai:repository.gsi.de:357741$$pdnbdelivery$$pdriver$$pVDB$$popen_access$$popenaire
000357741 9101_ $$0I:(DE-Ds200)20121206GSI$$6P:(DE-Ds200)OR0310$$aGSI Helmholtzzentrum für Schwerionenforschung GmbH$$b3$$kGSI
000357741 9101_ $$0I:(DE-Ds200)20121206GSI$$6P:(DE-Ds200)OR1313$$aGSI Helmholtzzentrum für Schwerionenforschung GmbH$$b14$$kGSI
000357741 9131_ $$0G:(DE-HGF)POF4-621$$1G:(DE-HGF)POF4-620$$2G:(DE-HGF)POF4-600$$3G:(DE-HGF)POF4$$4G:(DE-HGF)POF$$aDE-HGF$$bForschungsbereich Materie$$lMaterie und Technologie$$vAccelerator Research and Development$$x0
000357741 9141_ $$y2021
000357741 915__ $$0LIC:(DE-HGF)CCBY3$$2HGFVOC$$aCreative Commons Attribution CC BY 3.0
000357741 915__ $$0StatID:(DE-HGF)0510$$2StatID$$aOpenAccess
000357741 920__ $$lno
000357741 9201_ $$0I:(DE-Ds200)BEA-20051214OR061$$kBEA$$lBeam Diagnostics$$x0
000357741 980__ $$acontrib
000357741 980__ $$aVDB
000357741 980__ $$aUNRESTRICTED
000357741 980__ $$acontb
000357741 980__ $$aI:(DE-Ds200)BEA-20051214OR061
000357741 9801_ $$aFullTexts